Stellar evolution, stellar explosions and galactic chemical evolution (Record no. 12944)

MARC details
000 -LEADER
fixed length control field 00836nam a2200205Ia 4500
003 - CONTROL NUMBER IDENTIFIER
control field IN-BaIIA
008 - FIXED-LENGTH DATA ELEMENTS--GENERAL INFORMATION
fixed length control field 211028s9999 xx 000 0 eng d
020 ## - INTERNATIONAL STANDARD BOOK NUMBER
International Standard Book Number 0-7503-0555-X
040 ## - CATALOGING SOURCE
Transcribing agency IIA Library
080 ## - UNIVERSAL DECIMAL CLASSIFICATION NUMBER
Universal Decimal Classification number 524.3(082.2)
Item number STE
111 ## - MAIN ENTRY--MEETING NAME
Meeting name or jurisdiction name as entry element Oak Ridge Symposium
Number of part/section/meeting 2nd
Location of meeting Tennessee
Date of meeting or treaty signing 1997 Dec. 2-6
9 (RLIN) 22720
245 #0 - TITLE STATEMENT
Title Stellar evolution, stellar explosions and galactic chemical evolution
Remainder of title proceedings of the 2nd Oak Ridge symposium on atomic and nuclear astrophysics held in Oak Ridge, Tennessee, 2-6 December 1997
Statement of responsibility, etc. edited by Anthony Mezzacappa
260 ## - PUBLICATION, DISTRIBUTION, ETC.
Place of publication, distribution, etc. Bristol
Name of publisher, distributor, etc. Institute of Physics
Date of publication, distribution, etc. 1998
300 ## - PHYSICAL DESCRIPTION
Extent xix, 737p.
650 ## - SUBJECT ADDED ENTRY--TOPICAL TERM
Topical term or geographic name entry element Galactic evolution
9 (RLIN) 1586
650 ## - SUBJECT ADDED ENTRY--TOPICAL TERM
Topical term or geographic name entry element Stellar evolution
650 ## - SUBJECT ADDED ENTRY--TOPICAL TERM
Topical term or geographic name entry element Stellar explosions
9 (RLIN) 22721
700 ## - ADDED ENTRY--PERSONAL NAME
Personal name Mezzacappa, Anthony., ed.
9 (RLIN) 22722
942 ## - ADDED ENTRY ELEMENTS (KOHA)
Koha item type Books
Holdings
Withdrawn status Lost status Damaged status Not for loan Home library Current library Shelving location Date acquired Cost, normal purchase price Total Checkouts Full call number Barcode Date last seen Cost, replacement price Price effective from Koha item type Purchase Price
        IIA Library-Bangalore IIA Library-Bangalore General Stacks 12/03/1999 13756.00   524.3(082.2)/ STE 13861 05/11/2021 13756.00 12/03/1999 Books Rs. 13756.00

Powered by Koha